000 00520nmm a2200169Ia 4500
008 251105s9999||||xx |||||||||||||||||und||
020 _a9788475228662
041 _aspa
100 _aCotarelo y Mori, Emilio
245 0 _aEl Conde de Villamediana: estudio biográfico crítico
264 _a[Madrid, España] :
_bVisor Libros,
_c2003
300 _a348 páginas
490 _aBiblioteca Filológica Hispana
650 _aSpanish literature
856 _uhttps://public.digitaliapublishing.com/a/24115
942 _cCF
999 _c85039
_d85039